Statistiche per Paesi ospitanti Mondiali

Clicka qui per fare il quiz!

Statistiche generali

  • Questo quiz è stato fatto 33 volte
  • Il punteggio medio è 16 su 18

Statistiche sulle risposte

ContinenteEdizioni ospitatePaese ospitante% Corretto
Asia / Europa2018Russia
100%
America del Nord1994Stati Uniti
100%
America del Sud1930Uruguay
100%
America del Sud1950; 2014Brasile
97%
Europa1938; 1998Francia
97%
Europa1974; 2006Germania Ovest / Germania
97%
Europa1934; 1990Italia
97%
Europa1982Spagna
97%
America del Sud1978Argentina
93%
Asia2022Qatar
93%
Africa2010Sudafrica
93%
Asia2002Giappone
90%
Asia2002Corea del Sud
87%
Europa1966Inghilterra
83%
America del Nord1970; 1986Messico
83%
Europa1958Svezia
83%
America del Sud1962Cile
80%
Europa1954Svizzera
40%

Distribuzione punteggi

Percentile per numero di risposta

Percentuale di utenti per punteggio

I tuoi punteggi nel tempo

Non hai fatto questo quiz